Statistiques concernant 100 noms les plus populaires au monde

Cliquez ici pour prendre le quiz!

Statistiques générales

  • Ce quiz a été pris 165 fois
  • Le résultat moyen est 10 sur 100

Statistiques - réponses

indicerépondre% Correct
MMohammed
55%
JJean
53%
MMarie
53%
MMary
53%
JJohn
46%
MMohamed
42%
WWilliam
38%
PPaul
36%
MMartin
33%
MMin
28%
YYan
28%
TThomas
25%
MMaria
23%
DDavid
22%
AAli
20%
AAnna
20%
JJames
19%
MMichael
19%
GGeorge
18%
SSarah
18%
CCharles
17%
PPeter
16%
RRobert
16%
DDaniel
15%
JJose
15%
MMark
15%
XXin
15%
BBin
14%
PPatrick
14%
SSamuel
12%
VVictor
12%
LLin
11%
JJoseph
9%
JJuan
9%
MMing
8%
AAlexander
7%
AAna
7%
EElizabeth
7%
FFatima
7%
LLuis
7%
MMario
7%
MMohammad
7%
MMuhammad
7%
LLaura
6%
YYu
6%
AAhmed
5%
PPedro
5%
VVladimir
5%
CChristine
4%
EEmmanuel
4%
JJoao
4%
MManuel
4%
RRosa
4%
AAndrea
3%
LLing
3%
PPatricia
3%
PPing
3%
YYing
3%
YYong
3%
CCarlos
2%
EElena
2%
LLei
2%
QQing
2%
SSandra
2%
AAbdul
1%
AAhmad
1%
AAndrey
1%
AAngela
1%
BBarbara
1%
CCarmen
1%
HHassan
1%
HHong
1%
IIbrahim
1%
IIrina
1%
IIvan
1%
JJorge
1%
LLinda
1%
MMarina
1%
MMiguel
1%
OOlga
1%
RRam
1%
RRoberto
1%
AAleksandr
0%
AAnita
0%
AAntonio
0%
FFrancisco
0%
GGhulam
0%
HHui
0%
MMartha
0%
NNatalya
0%
NNushi
0%
RRita
0%
SSergey
0%
SSiti
0%
SSri
0%
SSunita
0%
SSvetlana
0%
TTatyana
0%
WWei
0%

Distribution des résultats

Percentile par nombre de réponses

% des personnes avec chaque résultat

Votre développement - résultats

Vous n’avez pas pris ce quiz